| 000 | 00529nam a2200157 4500 | ||
|---|---|---|---|
| 008 | 180119b xxu||||| |||| 00| 0 eng d | ||
| 082 |
_21972 _aDC 301 _bW69 |
||
| 100 |
_925710 _aWilson, Everett K. |
||
| 245 |
_aSociology: _brules, roles, and relatiionships/ _cEverett K. Wilson. |
||
| 260 |
_aIllinois: _bThe Dorsey Press, _c©1972. |
||
| 300 |
_axv, 687 pages: _bcolor illustration; _c24 cm. |
||
| 500 | _aIncludes index. | ||
| 650 | 0 |
_925711 _aSocial surveys _zUnited States |
|
| 700 |
_925712 _aWilson, Everett K. |
||
| 942 |
_2ddc _cDC |
||
| 999 |
_c8313 _d8313 |
||